000 01083 a2200181 4500
003 NUST
005 20221026125907.0
020 _a8120322827
040 _cNust
082 _a006.68,SIN
100 _aSingh, S. K.
_926381
245 _aComputer-aided process control /
_cS. K. Singh
260 _aNew Delhi
_bPrentice-Hall of India
_c2003
300 _axx, 587 p.
505 _aIntroduction to Process Control Systems (Page-1)), Process Modeling for Computer-Aided Process Control (Page-104), Feedback Control System (Page-183), Basics of Computer-Aided Process Control (Page-253), Process Control Computer Hardware and Software (Page-278), Design of Computer –Aided Process Control Systems (Page-336), Advanced Strategies for Computer-Aided Process Control (Page-424), Microcomputer-Based Process Control- A Programmable Logic Controller (Page-496), Microcomputer-Based Process Control A Distributed Control System (Page-512),Computer-Aided Process Control- Practical Implementation (Page-532),
650 _aComputer process control
_9101413
942 _2ddc
_cBK
_k006.68,SIN
999 _c180101
_d180101